[Event "36th Reykjavik op"]
[Site "Reykjavik ISL"]
[Date "2023.03.30"]
[Round "3.139"]
[White "Danielsson, Grimur"]
[Black "Arnalds, Stefan"]
[WhiteElo "1570"]
[BlackElo "1873"]
[Result "1-0"]
[EventDate "2023.03.29"]
[PlyCount "71"]

1. Nf3 Nf6 2. e3 g6 3. d4 Bg7 4. c4 O-O 5. Nc3 d6 6. Be2 Nbd7 7. O-O c6 8. Qc2 Qc7
9. Rd1 a6 10. a4 e5 11. dxe5 Nxe5 12. h3 Be6 13. b3 Bf5 14. Qb2 Ne4 15. Bd2 b5 16.
axb5 cxb5 17. cxb5 Nxf3+ 18. Bxf3 Nxd2 19. Bxa8 Bxc3 20. Rac1 Rc8 21. Qxd2 Bxd2 22.
Rxc7 Rxc7 23. b6 Rc8 24. b7 Rd8 25. Rxd2 Rb8 26. Rxd6 Kg7 27. Rxa6 Be6 28. b4 h5
29. e4 Bd7 30. Rd6 Be6 31. f3 Kf6 32. f4 Ke7 33. Rd2 Bd7 34. Rc2 Kd6 35. e5+ Kd5
36. Rc8  1-0

[Event "36th Reykjavik op"]
[Site "Reykjavik ISL"]
[Date "2023.03.30"]
[Round "3.140"]
[White "Van Meter, Lester"]
[Black "Hallmundarson, Birkir"]
[WhiteElo "1872"]
[BlackElo "1499"]
[Result "1-0"]
[EventDate "2023.03.29"]
[PlyCount "78"]

1. d4 Nf6 2. Nf3 e6 3. c4 d5 4. g3 c5 5. Bg2 Nc6 6. cxd5 exd5 7. O-O cxd4 8. Nxd4
Bc5 9. Be3 Bxd4 10. Bxd4 Nxd4 11. Qxd4 Be6 12. Nc3 Qb6 13. Rfd1 Rd8 14. Rd2 Qxd4
15. Rxd4 Rd6 16. e4 Rb6 17. exd5 Bf5 18. Re1+ Kd7 19. Na4 Rb5 20. b4 Kd6 21. Nc3
Rb6 22. a4 Rc8 23. Nb5+ Kd7 24. Nxa7 Ra8 25. a5 Ra6 26. Nb5 b6 27. d6 Re8 28. Rc1
bxa5 29. Nc7 Ra7 30. Nxe8 Nxe8 31. b5 Kd8 32. b6 Ra6 33. d7 Bxd7 34. b7 Rb6 35. Rc8+
Ke7 36. b8=Q Rxb8 37. Rxb8 Nf6 38. Rb7 Ke8 39. Ra7 Bc8  1-0

[Event "36th Reykjavik op"]
[Site "Reykjavik ISL"]
[Date "2023.03.30"]
[Round "3.141"]
[White "Harnett, Robert J"]
[Black "Christoffersen, Odd"]
[WhiteElo "1861"]
[BlackElo "1510"]
[Result "1-0"]
[EventDate "2023.03.29"]
[PlyCount "65"]

1. c4 c5 2. g3 Nc6 3. Bg2 Nf6 4. Nc3 e6 5. e4 d6 6. Nge2 Nd4 7. O-O Be7 8. d3 O-O
9. f4 e5 10. f5 a6 11. Nxd4 exd4 12. Ne2 Nd7 13. Nf4 Rb8 14. Nd5 f6 15. g4 b5 16.
b3 Ne5 17. h4 h6 18. Rf2 b4 19. Bf1 Nf7 20. Rg2 Kh7 21. g5 fxg5 22. Nxe7 Qxe7 23.
hxg5 Ne5 24. Qh5 Qe8 25. g6+ Kg8 26. Be2 Qd7 27. Bf4 Rb7 28. Rf1 Qe7 29. Bg5 Rf6
30. Qh4 Bd7 31. Rh2 Bc6 32. Bxf6 gxf6 33. Qxh6  1-0

[Event "36th Reykjavik op"]
[Site "Reykjavik ISL"]
[Date "2023.03.30"]
[Round "3.142"]
[White "Zamvar, Vipin"]
[Black "Frank, Anton"]
[WhiteElo "1569"]
[BlackElo "1857"]
[Result "0-1"]
[EventDate "2023.03.29"]
[PlyCount "50"]

1. d4 Nf6 2. Bf4 e6 3. e3 c5 4. Nf3 Nc6 5. c3 d5 6. Nbd2 Nh5 7. Bg5 f6 8. Bh4 g6
9. Be2 cxd4 10. Nxd4 Ng7 11. O-O Be7 12. Qb3 e5 13. Nxc6 bxc6 14. c4 Be6 15. Rfd1
Nf5 16. Bg3 d4 17. Nf3 c5 18. exd4 cxd4 19. Nd2 Kf7 20. Qc2 h5 21. f3 Ne3 22. Qd3
Nxd1 23. Rxd1 Qb6 24. b3 a5 25. f4 Bf5  0-1

[Event "36th Reykjavik op"]
[Site "Reykjavik ISL"]
[Date "2023.03.30"]
[Round "3.143"]
[White "Chamadia, Avaan"]
[Black "Wheatley, Wilfred"]
[WhiteElo "1563"]
[BlackElo "1854"]
[Result "1/2-1/2"]
[EventDate "2023.03.29"]
[PlyCount "65"]

1. e4 d5 2. exd5 Qxd5 3. Nc3 Qd8 4. d4 Nf6 5. h3 e6 6. Nf3 c6 7. Bd3 Nbd7 8. O-O
Bd6 9. Qe2 O-O 10. Bg5 Qc7 11. Ne4 Nxe4 12. Qxe4 g6 13. Qh4 Re8 14. Nd2 Bf8 15. Ne4
f5 16. Ng3 c5 17. c3 b6 18. Rfe1 Bb7 19. f3 cxd4 20. cxd4 Bg7 21. Ne2 Qd6 22. Rac1
Rac8 23. Bc4 Bd5 24. b3 Bxc4 25. bxc4 Qb4 26. d5 exd5 27. cxd5 Qd6 28. Rcd1 Nf6 29.
Nf4 Nd7 30. Ne6 Bh8 31. Bf4 Be5 32. Bxe5 Nxe5 33. Qf6  1/2-1/2

[Event "36th Reykjavik op"]
[Site "Reykjavik ISL"]
[Date "2023.03.30"]
[Round "3.144"]
[White "Carey, Michael"]
[Black "Magnusson, Thorsteinn"]
[WhiteElo "1852"]
[BlackElo "1485"]
[Result "1-0"]
[EventDate "2023.03.29"]
[PlyCount "91"]

1. Nf3 Nf6 2. c4 c5 3. Nc3 e6 4. e3 d5 5. cxd5 exd5 6. d4 c4 7. Be2 a6 8. a4 Bf5
9. O-O Bb4 10. Bd2 O-O 11. Na2 Bxd2 12. Nxd2 b5 13. b3 Nc6 14. Re1 Re8 15. Bf3 Ne4
16. Bxe4 Bxe4 17. Nxe4 Rxe4 18. Nc3 Re6 19. axb5 Nb4 20. bxc4 dxc4 21. d5 Rh6 22.
Rb1 Nd3 23. Rf1 axb5 24. Rxb5 Ne5 25. h3 Qd7 26. f4 Nd3 27. Qg4 Qe8 28. e4 Ra3 29.
Rfb1 Ra8 30. e5 Rg6 31. Qf3 h6 32. d6 Rc8 33. Nd5 Re6 34. Qg4 Kh7 35. Qf5+ Kh8 36.
Nc7 Qd7 37. Nxe6 fxe6 38. Qg6 Qa7+ 39. Kh2 Nxf4 40. Qe4 Nd5 41. Rb7 Qa8 42. Qg4 Rg8
43. Qxe6 Ne3 44. Qxg8+ Qxg8 45. Rb8 Nf1+ 46. Kg1  1-0

[Event "36th Reykjavik op"]
[Site "Reykjavik ISL"]
[Date "2023.03.30"]
[Round "3.145"]
[White "Shadrina, Eva"]
[Black "Fouassier, Paul"]
[WhiteElo "1563"]
[BlackElo "1848"]
[Result "1-0"]
[EventDate "2023.03.29"]
[PlyCount "29"]

1. e4 c5 2. Nf3 Nc6 3. d4 cxd4 4. Nxd4 g6 5. Nc3 Bg7 6. Be3 Nf6 7. Bc4 Qa5 8. f3
Nxe4 9. fxe4 Qb4 10. Bxf7+ Kxf7 11. O-O+ Ke8 12. Nd5 Qa5 13. Nb5 e6 14. Ndc7+ Kd8
15. Bg5+  1-0

[Event "36th Reykjavik op"]
[Site "Reykjavik ISL"]
[Date "2023.03.30"]
[Round "3.146"]
[White "Notkin, Akiva"]
[Black "Smarason, Kristjan Ingi"]
[WhiteElo "1846"]
[BlackElo "1469"]
[Result "0-1"]
[EventDate "2023.03.29"]
[PlyCount "78"]

1. c4 Nf6 2. Nc3 g6 3. Nf3 Bg7 4. g3 O-O 5. Bg2 d6 6. O-O e5 7. d3 Nc6 8. a3 a5 9.
Rb1 Re8 10. Bd2 e4 11. dxe4 Nxe4 12. Nxe4 Rxe4 13. Ng5 Re8 14. Bd5 Be6 15. Nxe6 fxe6
16. Bg2 Qd7 17. Be3 Rab8 18. b4 axb4 19. axb4 Ne5 20. Qb3 b5 21. c5 d5 22. Bf4 Nc4
23. Rfd1 Ra8 24. Qf3 Ra3 25. Qg4 Qe7 26. h4 c6 27. h5 e5 28. Bc1 gxh5 29. Qxh5 Ra2
30. Bg5 Qf7 31. Qg4 Qg6 32. Qd7 Rxe2 33. Ra1 e4 34. Ra7 Ne5 35. Qc7 Qxg5 36. Rda1
Nf3+ 37. Bxf3 exf3 38. Qf7+ Kh8 39. Ra8 Qe7  0-1

[Event "36th Reykjavik op"]
[Site "Reykjavik ISL"]
[Date "2023.03.30"]
[Round "3.147"]
[White "Dorweiler, Roger Paul"]
[Black "Heller, Stefan"]
[WhiteElo "1843"]
[BlackElo "1451"]
[Result "0-1"]
[EventDate "2023.03.29"]
[PlyCount "84"]

1. d4 e6 2. c4 d5 3. Nc3 c6 4. cxd5 exd5 5. Qc2 Nf6 6. Bg5 Be7 7. e3 Be6 8. Bd3 Nbd7
9. Nge2 Nb6 10. O-O h6 11. Bh4 Qc7 12. Nf4 Bd7 13. Bxf6 Bxf6 14. Ncxd5 Qd8 15. Nxf6+
Qxf6 16. Rad1 O-O 17. Rfe1 Rac8 18. a3 Rfe8 19. Ne2 Bg4 20. f3 Bh5 21. Nf4 Bg6 22.
Bxg6 fxg6 23. Nxg6 Nd5 24. Ne5 Qg5 25. Qf2 Re6 26. Kh1 Rf8 27. e4 Nb6 28. Nd3 Nd7
29. f4 Qb5 30. f5 Ref6 31. g4 Nb6 32. e5 R6f7 33. e6 Re7 34. Nf4 Rf6 35. h4 Nd5 36.
Nh5 Rf8 37. g5 hxg5 38. hxg5 Qb3 39. Ng3 Rxe6 40. Rxe6 Qxd1+ 41. Kg2 Qg4 42. g6 Nf4+
 0-1

[Event "36th Reykjavik op"]
[Site "Reykjavik ISL"]
[Date "2023.03.30"]
[Round "3.148"]
[White "Jonatansson, Sigurdur Freyr"]
[Black "Krumm, Arthur"]
[WhiteElo "1551"]
[BlackElo "1843"]
[Result "0-1"]
[EventDate "2023.03.29"]
[PlyCount "122"]

1. e4 e5 2. Nf3 Nc6 3. Bb5 Nge7 4. c3 f6 5. d4 d5 6. exd5 Qxd5 7. c4 Qe4+ 8. Be3
exd4 9. Qxd4 Qxd4 10. Nxd4 Bd7 11. O-O O-O-O 12. Nxc6 Nxc6 13. Nc3 a6 14. Bxc6 Bxc6
15. Rad1 Bb4 16. Ne2 Bd6 17. b3 Rhe8 18. Nc3 Be5 19. Nd5 Bxd5 20. cxd5 Rd7 21. Rd2
Red8 22. Rfd1 Bc3 23. Rd3 Bb4 24. Kf1 h6 25. Ke2 f5 26. g3 Re8 27. Rd4 Bd6 28. h4
Rf7 29. Kf3 Rfe7 30. Rc4 Re4 31. Rdd4 Rxd4 32. Rxd4 Kd7 33. b4 Be5 34. Rd3 Bf6 35.
a3 Re4 36. g4 Rxg4 37. Bf4 Rxh4 38. d6 c6 39. Kg3 g5 40. Bd2 Rd4 41. Rxd4 Bxd4 42.
f4 Bf6 43. Be3 Kxd6 44. Bc5+ Kd5 45. Kf3 Kc4 46. Bf8 h5 47. Bh6 g4+ 48. Kg2 Kb3 49.
Bg5 Bc3 50. Be7 Kxa3 51. b5+ Bb4 52. bxa6 bxa6 53. Bf6 c5 54. Kg3 Be1+ 55. Kg2 c4
56. Kf1 Bd2 57. Be5 c3 58. Ke2 Kb3 59. Kd3 h4 60. Ke2 h3 61. Kf2 c2  0-1

[Event "36th Reykjavik op"]
[Site "Reykjavik ISL"]
[Date "2023.03.30"]
[Round "3.149"]
[White "Haugen, Lars Tormod"]
[Black "Brynjarsson, Oervar Holm"]
[WhiteElo "1837"]
[BlackElo "1262"]
[Result "0-1"]
[EventDate "2023.03.29"]
[PlyCount "120"]

1. c4 e6 2. e4 c5 3. Nc3 Nc6 4. g3 b6 5. Bg2 Bb7 6. Nge2 g6 7. d3 Bg7 8. h4 Nge7
9. h5 d6 10. Be3 Qd7 11. h6 Bf6 12. d4 O-O-O 13. d5 Ne5 14. b3 Rhf8 15. Qc2 Bh8 16.
O-O-O Ng4 17. Bh3 Nxe3 18. fxe3 f5 19. Nf4 exd5 20. exd5 Rde8 21. Rde1 Kb8 22. Ne6
Rf6 23. Rhf1 Rxe6 24. dxe6 Qxe6 25. e4 Bxc3 26. Qxc3 Bxe4 27. Rxe4 Qxe4 28. Re1 Qd4
29. Qxd4 cxd4 30. Kd2 Kc7 31. Kd3 Kd7 32. Bg2 Nd5 33. Rxe8 Nb4+ 34. Kxd4 Kxe8 35.
a3 Nc2+ 36. Kc3 Ne3 37. Bf3 Ke7 38. Kd4 Nc2+ 39. Kc3 Ne3 40. Kd4 Nf1 41. Kd5 Kd7
42. g4 Ne3+ 43. Kd4 Nxg4 44. Bxg4 fxg4 45. Ke4 d5+ 46. cxd5 Kd6 47. b4 g3 48. Kf3
Kxd5 49. Kxg3 a5 50. bxa5 bxa5 51. Kf4 Kd4 52. a4 Kd5 53. Kg4 Ke4 54. Kg5 Ke5 55.
Kg4 Kf6 56. Kf4 g5+ 57. Ke4 Kg6 58. Kd4 g4 59. Ke4 Kxh6 60. Kf4 Kh5  0-1

[Event "36th Reykjavik op"]
[Site "Reykjavik ISL"]
[Date "2023.03.30"]
[Round "3.150"]
[White "von Kistowski, Fynn"]
[Black "Oberschilp, Friedrich"]
[WhiteElo "1548"]
[BlackElo "1827"]
[Result "0-1"]
[EventDate "2023.03.29"]
[PlyCount "126"]

1. e4 c5 2. c3 d5 3. exd5 Qxd5 4. d4 cxd4 5. cxd4 Nc6 6. Nf3 e6 7. Nc3 Bb4 8. Bd2
Bxc3 9. bxc3 Nf6 10. Bd3 O-O 11. O-O Qd6 12. Bg5 Nd5 13. Qc2 h6 14. Bh4 Bd7 15. Bg3
Qa3 16. Rab1 Na5 17. Rfc1 Rac8 18. c4 Nb4 19. Qc3 Qxc3 20. Rxc3 Nxd3 21. Rxd3 Bc6
22. d5 exd5 23. cxd5 Rfd8 24. d6 Be4 25. d7 Rxd7 26. Rxd7 Bxb1 27. Bc7 Nc6 28. Bf4
Nd8 29. a3 Bf5 30. Rc7 Rxc7 31. Bxc7 Nc6 32. Ne5 Nd4 33. Bd6 f6 34. Nc4 Be6 35. Nb2
Kf7 36. f3 Nb5 37. Bb4 b6 38. a4 Nd4 39. Kf2 Ke8 40. Bc3 Nb3 41. Ke3 a5 42. Be1 Kd7
43. Kd3 Nc5+ 44. Kc3 Kc6 45. Bf2 Kd5 46. Be3 Bd7 47. Bxc5 Kxc5 48. Nd3+ Kd5 49. Nf4+
Ke5 50. Nd3+ Kd6 51. Nb2 Kd5 52. Nc4 Kc5 53. Nb2 g5 54. Nd3+ Kd5 55. Nb2 h5 56. Nc4
Kc5 57. Nb2 h4 58. h3 b5 59. Nd3+ Kd5 60. axb5 Bxb5 61. Ne1 Ke5 62. Kd2 Kf4 63. Nc2
Bf1  0-1

[Event "36th Reykjavik op"]
[Site "Reykjavik ISL"]
[Date "2023.03.30"]
[Round "3.151"]
[White "Briem, Gudrun Fanney"]
[Black "Jonsson, Olafur Gisli"]
[WhiteElo "1503"]
[BlackElo "1817"]
[Result "1/2-1/2"]
[EventDate "2023.03.29"]
[PlyCount "71"]

1. d4 Nf6 2. Bf4 e6 3. e3 d5 4. Bd3 c5 5. c3 Nc6 6. Nf3 b6 7. Qa4 Bd7 8. Bb5 Qc8
9. Qa6 Qxa6 10. Bxa6 Bc8 11. Bb5 Bb7 12. Ne5 Rc8 13. Nxc6 Bxc6 14. Ba6 Rd8 15. a4
Bd6 16. Bxd6 Rxd6 17. Nd2 O-O 18. O-O Nd7 19. Nf3 c4 20. Bb5 f6 21. Rfd1 Nb8 22.
Bxc6 Nxc6 23. Rd2 Na5 24. Re2 Nb3 25. Rb1 b5 26. axb5 Rb6 27. Nd2 Rxb5 28. Nxb3 Rxb3
29. Ra1 Rfb8 30. g3 Rxb2 31. Rxb2 Rxb2 32. Rxa7 Kf8 33. e4 Rb3 34. exd5 exd5 35.
Rd7 Rxc3 36. Rxd5  1/2-1/2

[Event "36th Reykjavik op"]
[Site "Reykjavik ISL"]
[Date "2023.03.30"]
[Round "3.152"]
[White "Han, Oron"]
[Black "Halldorsson, Kristjan"]
[WhiteElo "1496"]
[BlackElo "1809"]
[Result "1-0"]
[EventDate "2023.03.29"]
[PlyCount "83"]

1. e4 c5 2. Nc3 e6 3. Nge2 d6 4. g3 Nc6 5. Bg2 Nf6 6. O-O a6 7. f4 Be7 8. d3 O-O
9. h3 Qc7 10. g4 b5 11. Ng3 Bb7 12. g5 Nd7 13. Qh5 b4 14. Nce2 g6 15. Qh4 Rfe8 16.
f5 exf5 17. exf5 Nce5 18. Be4 d5 19. Bg2 Bf8 20. Bd2 a5 21. Nf4 Qd6 22. Kh1 Rac8
23. Rg1 Ba8 24. Raf1 Rb8 25. Ngh5 gxh5 26. Qxh5 Bg7 27. g6 fxg6 28. fxg6 Nxg6 29.
Nxd5 Nde5 30. Ne3 Bxg2+ 31. Rxg2 Rf8 32. Nf5 Qd7 33. Bh6 Rxf5 34. Rxf5 Bxh6 35. Rxe5
Bg7 36. Rxc5 Nf4 37. Qg4 Qxg4 38. Rxg4 Ne6 39. Rxa5 Kf7 40. Ra7+ Kf6 41. Ra6 Kf7
42. Rxe6  1-0

[Event "36th Reykjavik op"]
[Site "Reykjavik ISL"]
[Date "2023.03.30"]
[Round "3.154"]
[White "Lien, Benjamin"]
[Black "Sigurdsson, Smari"]
[WhiteElo "1495"]
[BlackElo "1807"]
[Result "0-1"]
[EventDate "2023.03.29"]
[PlyCount "56"]

1. e4 e5 2. Nf3 Nc6 3. Bc4 Bc5 4. b4 Bxb4 5. c3 Ba5 6. d4 b5 7. Bxb5 Nxd4 8. Nxd4
exd4 9. Qxd4 Qf6 10. O-O Bb6 11. Qd3 Ne7 12. Nd2 O-O 13. Nf3 h6 14. e5 Qg6 15. Qe2
Qh5 16. Ba3 Re8 17. e6 fxe6 18. Rad1 c6 19. Bd3 d5 20. Qc2 Nf5 21. Rfe1 Bc7 22. Qa4
Bd7 23. g4 Qh3 24. Ne5 Bxe5 25. gxf5 Bxh2+ 26. Kh1 Bg3+ 27. Kg1 Qh2+ 28. Kf1 Qxf2#
 0-1

[Event "36th Reykjavik op"]
[Site "Reykjavik ISL"]
[Date "2023.03.30"]
[Round "3.155"]
[White "Seshadri, Sridhar"]
[Black "Hill, Andy"]
[WhiteElo "1445"]
[BlackElo "1802"]
[Result "1/2-1/2"]
[EventDate "2023.03.29"]
[PlyCount "111"]

1. c4 Nf6 2. Nf3 g6 3. d4 Bg7 4. Nc3 O-O 5. g3 d6 6. Bg2 Nc6 7. O-O a6 8. Bf4 Rb8
9. a4 a5 10. h3 Nh5 11. Bc1 Nb4 12. e4 Nf6 13. Re1 c6 14. Be3 Nd7 15. Rc1 Re8 16.
Qd2 Qc7 17. b3 e5 18. Na2 Na6 19. Bh6 Bh8 20. Rcd1 Qb6 21. Nc1 exd4 22. Nxd4 Ne5
23. Be3 Qc7 24. f4 Nd7 25. Bf2 Bf6 26. Nf3 Be7 27. Kh2 Bf8 28. Bd4 Nb4 29. e5 d5
30. cxd5 cxd5 31. Re2 Nc5 32. e6 Bxe6 33. Ng5 Rbd8 34. Rde1 Qc6 35. Bf6 Rc8 36. Qd4
h6 37. Nxe6 Rxe6 38. Rxe6 Nxe6 39. Qd2 Qc2 40. Qe3 Qf5 41. Be5 Bc5 42. Qd2 Bb6 43.
Qe2 Nc2 44. g4 Nxf4 45. gxf5 Nxe2 46. Rxe2 Ne3 47. Nd3 gxf5 48. Nf4 Re8 49. Nd3 f6
50. Rxe3 Bxe3 51. Bxd5+ Kg7 52. Bc7 b6 53. Nf4 Rc8 54. Ne6+ Kh7 55. Kg2 h5 56. Kf3
 1/2-1/2

[Event "36th Reykjavik op"]
[Site "Reykjavik ISL"]
[Date "2023.03.30"]
[Round "3.157"]
[White "Vidarsson, Kari Steinn"]
[Black "Scoccianti, Raffaele"]
[WhiteElo "1267"]
[BlackElo "1796"]
[Result "0-1"]
[EventDate "2023.03.29"]
[PlyCount "41"]

1. d4 Nf6 2. c4 e5 3. dxe5 Ng4 4. Nf3 Bc5 5. e3 Nc6 6. a3 a5 7. Bd2 Ngxe5 8. Bc3
Qe7 9. Nbd2 O-O 10. Ne4 Nxf3+ 11. Qxf3 Ne5 12. Qg3 f6 13. Be2 d6 14. Nxc5 dxc5 15.
O-O b6 16. a4 Bb7 17. Rad1 Bc6 18. b3 Nd7 (18... Nf7 19. Bf3 Bxf3 20. Qxf3 Rad8 21.
h4 Nd6 22. Bb2 Qe4 23. Qxe4 Nxe4 24. Bc1 Nc3 25. Rd2 Rxd2 26. Bxd2 Ne4 27. Be1 Rd8
28. f3 Rd7 (28... Nd2 29. Bxd2 Rxd2 30. Rb1 f5 31. Kf1 Kf7 32. f4 Ke6 33. g3 g6 34.
Kg1 Re2 35. Kf1 Rxe3 36. Kf2 Rd3 37. Rb2 Kf6 38. Kg2 h6 39. h5 gxh5 40. Kh3 Kg6 41.
Kh4 Rd1 42. Kh3 h4 43. g4 fxg4+ 44. Kxg4 h5+ 45. Kxh4 Kf5 46. Kg3 Rd3+ 47. Kh4 Kxf4
48. Kxh5 Ke4 49. Re2+ Kd4 50. Re7 Rxb3)) 19. Bf3 Bxf3 20. Qxf3 Rad8 21. h4  0-1

[Event "36th Reykjavik op"]
[Site "Reykjavik ISL"]
[Date "2023.03.30"]
[Round "3.164"]
[White "Banerjee, Sanjoy K"]
[Black "Hallsson, Jon Eggert"]
[WhiteElo "1566"]
[BlackElo "1747"]
[Result "0-1"]
[EventDate "2023.03.29"]
[PlyCount "76"]

1. d4 e6 2. c4 f5 3. g3 Nf6 4. Bg2 Be7 5. Nf3 O-O 6. O-O d6 7. Nc3 Ne4 8. Be3 Nxc3
9. bxc3 Nc6 10. Nd2 e5 11. f3 Bf6 12. Nb3 Qe8 13. Qd2 a5 14. a4 Qg6 15. Qc2 Ne7 16.
Bf2 Be6 17. Nd2 Rad8 18. Rab1 b6 19. c5 bxc5 20. dxe5 Bxe5 21. f4 Bf6 22. Rb5 Nd5
23. Nb1 Ra8 24. e4 fxe4 25. Bxe4 Qh5 26. f5 Bf7 27. Qd3 c6 28. Rb7 Be5 29. Be1 Qg4
30. Bf3 Qxa4 31. Bd1 Qa1 32. Bc2 c4 33. Qf3 Rab8 34. Rxb8 Rxb8 35. Bd2 Qb2 36. Qe4
Qb6+ 37. Kh1 Nf6 38. Qh4 Bd5+  0-1

[Event "36th Reykjavik op"]
[Site "Reykjavik ISL"]
[Date "2023.03.30"]
[Round "3.165"]
[White "DebMisra, Ariv"]
[Black "Geirsson, Kristjan"]
[WhiteElo "1457"]
[BlackElo "1700"]
[Result "1-0"]
[EventDate "2023.03.29"]
[PlyCount "63"]

1. e4 e5 2. Nf3 Nc6 3. d4 exd4 4. Bc4 Nf6 5. e5 d5 6. Bb5 Bb4+ 7. c3 dxc3 8. bxc3
Be7 9. exf6 Bxf6 10. O-O O-O 11. Ba3 Ne7 12. Qc2 c6 13. Bd3 h6 14. Nbd2 Qc7 15. Rac1
c5 16. Qb1 a6 17. Bc2 Rd8 18. c4 d4 19. Ne4 b6 20. Nxf6+ gxf6 21. Rcd1 Bg4 22. Qb3
Rab8 23. h3 Bh5 24. Rfe1 Kg7 25. g4 Bg6 26. Nxd4 Bxc2 27. Qxc2 cxd4 28. Rxe7 Rd7
29. Rxd7 Qxd7 30. Qd3 Rd8 31. Bb2 Qa4 32. Qb3  1-0

[Event "36th Reykjavik op"]
[Site "Reykjavik ISL"]
[Date "2023.03.30"]
[Round "3.166"]
[White "Surace, Christopher"]
[Black "de Winter, Eric"]
[WhiteElo "1413"]
[BlackElo "1687"]
[Result "1-0"]
[EventDate "2023.03.29"]
[PlyCount "61"]

1. c4 f5 2. g3 Nf6 3. Bg2 e6 4. Nc3 Be7 5. e3 c5 6. Nge2 O-O 7. O-O Nc6 8. d4 cxd4
9. exd4 d6 10. a3 Kh8 11. b3 d5 12. cxd5 exd5 13. Nf4 Ne4 14. Bb2 Bg5 15. Nfxd5 Nxc3
16. Bxc3 f4 17. Re1 Qd7 18. b4 Qf7 19. Qf3 Bd7 20. h4 Bh6 21. b5 fxg3 22. Qxf7 Rxf7
23. fxg3 Nd8 24. Rf1 Bxb5 25. Rxf7 Nxf7 26. Nc7 Rc8 27. Nxb5 a6 28. Bxb7 Be3+ 29.
Kg2 Rb8 30. Bxa6 Rb6 31. Re1  1-0

[Event "36th Reykjavik op"]
[Site "Reykjavik ISL"]
[Date "2023.03.30"]
[Round "3.167"]
[White "Hald, Morten Hansen"]
[Black "Kularatnam, Kaushalya"]
[WhiteElo "1687"]
[BlackElo "1563"]
[Result "1/2-1/2"]
[EventDate "2023.03.29"]
[PlyCount "63"]

1. Nc3 d5 2. e4 dxe4 3. Nxe4 Nd7 4. d4 b6 5. Nf3 Bb7 6. Ng3 Ngf6 7. Be2 e6 8. Qd3
Be7 9. O-O O-O 10. c3 c5 11. Be3 Qc7 12. c4 Rad8 13. Qc2 Ng4 14. Ng5 Bxg5 15. Bxg5
Ngf6 16. dxc5 Qxc5 17. Be3 Qc7 18. b3 h6 19. Rad1 Nc5 20. Rxd8 Rxd8 21. Qb2 Nce4
(21... Nfe4 22. Bf3 Ng5 23. Bxb7 Qxb7 24. h4 Nge4 25. Nxe4 Qxe4 26. g3) 22. Bf3 Ng5
23. Bxb7 Qxb7 24. h4 Nge4 25. Nxe4 Qxe4 26. g3 Ng4 27. Re1 Qf3 28. Qe2 Qxe2 29. Rxe2
Nxe3 30. Rxe3 Rd2 31. a3 Kf8 32. Kf1  1/2-1/2

[Event "36th Reykjavik op"]
[Site "Reykjavik ISL"]
[Date "2023.03.30"]
[Round "3.168"]
[White "Bryant, Harry"]
[Black "Shirov-Michna, Masza"]
[WhiteElo "1652"]
[BlackElo "1349"]
[Result "1-0"]
[EventDate "2023.03.29"]
[PlyCount "72"]

1. e4 e6 2. d4 d5 3. Nd2 Nf6 4. e5 Nfd7 5. Bd3 c5 6. c3 Nc6 7. Ne2 Be7 8. O-O Qb6
9. Nf3 f6 10. exf6 Nxf6 11. Nf4 cxd4 12. cxd4 O-O 13. Re1 Nd8 14. Ng5 Bb4 15. Re3
h6 16. Nf3 Re8 17. Ne5 Nc6 18. Nh5 Qd8 19. Rg3 Nxh5 20. Qxh5 Nxe5 21. Rxg7+ Kxg7
22. Bxh6+ Kg8 23. Bh7+ Kxh7 24. Bg5+ Kg8 25. Bxd8 Nf7 26. Qg6+ Kf8 27. Bf6 Re7 28.
Rc1 Bd6 29. Qg7+ Ke8 30. Bxe7 Bxe7 31. Qg8+ Bf8 32. Rc7 Bd7 33. Rxd7 Kxd7 34. Qxf7+
Be7 35. h4 Rf8 36. Qg7 Rf5 (36... Rf4 37. h5)  1-0

[Event "36th Reykjavik op"]
[Site "Reykjavik ISL"]
[Date "2023.03.30"]
[Round "3.169"]
[White "Lokeswara, Rao"]
[Black "Morris, Simon"]
[WhiteElo "1218"]
[BlackElo "1648"]
[Result "1-0"]
[EventDate "2023.03.29"]
[PlyCount "69"]

1. e4 c5 2. Nc3 d6 3. Bc4 Nc6 4. a3 Nf6 5. d3 g6 6. h3 Bg7 7. Nf3 O-O 8. O-O e6 9.
Be3 b6 10. Qd2 Bb7 11. Bh6 d5 12. Bxg7 Kxg7 13. exd5 exd5 14. Ba2 d4 15. Ne2 Re8
16. Ng3 Qd7 17. Rfe1 Rad8 18. Qg5 h6 19. Qf4 Qd6 20. Qh4 Ne5 21. Nd2 Qc6 22. f3 Bc8
23. Nge4 Nd5 24. Bxd5 Rxd5 25. f4 Nd7 26. Nf3 f6 27. Nf2 Rxe1+ 28. Rxe1 Qd6 29. Ne4
Qf8 30. Ng3 Qf7 31. Qg4 b5 32. Nh4 Nb6 33. f5 g5 34. Ng6 Kg8 35. Re7  1-0

[Event "36th Reykjavik op"]
[Site "Reykjavik ISL"]
[Date "2023.03.30"]
[Round "3.170"]
[White "Jonsdottir, Katrin Maria"]
[Black "Arian, Tomer"]
[WhiteElo "1071"]
[BlackElo "1644"]
[Result "0-1"]
[EventDate "2023.03.29"]
[PlyCount "30"]

1. e4 c6 2. Nf3 d5 3. exd5 cxd5 4. d4 Nc6 5. Bf4 Nf6 6. Nc3 a6 7. Be2 Bf5 8. a3 e6
9. O-O Bd6 10. Bxd6 Qxd6 11. h3 O-O 12. Bd3 Bxd3 13. Qxd3 Rac8 14. Rfe1 Nd7 15. Ne5
(15. Rac1 Na5 16. Ne5 (16. Ng5 Nf6 17. Rb1 Nc4 18. Nd1 Qf4 19. Nf3 Ne4 20. a4 Rc6
21. Ne5 (21. Ne3 Ncd6 (21... Ncd2 22. Nxd2 Qxf2+ 23. Kh1 (23. Kh2 Qxd2 24. Qb3 Qxd4
25. Qxb7 Qxa4 26. Ra1 Qb5 27. Qxb5 axb5 28. Ra5 Rb8 29. Rea1 f5 30. Ra7 Nf6 31. Re7
d4 32. Nd1 Rxc2 33. Raa7 Ne8 34. Rxe6 Rd2 35. Re1 h6 36. Kg3 Kh7 37. Kf4 Kg6 38.
Ra6+ Nf6 39. h4 Rb7 40. h5+ Kf7 41. Kxf5 Rxg2 42. Ree6 Rg1 43. Nf2 Rf1 44. Re2 Nxh5
45. Ke4 (45. Ke5 Re7+ 46. Kd5 Nf4+ 47. Kc5 Nxe2 48. Nd3 Rf5+ 49. Kb4 g5 50. Rxh6
Kg7 51. Rh2 Nf4 52. Nc5 d3 53. Rd2 Re2 54. Rd1 Rxb2+ 55. Ka3 Rc2 56. Ne4 Re5 57.
Ng3 Kg6 58. Rxd3 (58. Kb3 Ne2 59. Nf1 Rc1 60. Rxc1 Nxc1+ 61. Kc3 g4 62. Kd2 Re2+
63. Kc3 b4+ 64. Kxb4 d2 65. Nxd2 Rxd2) 58... Ne2 59. Nf1 Rc1)) 23... Qxd2 24. Qb3
Qxd4 25. Rbd1 (25. Qxb7 Qxa4 26. Ra1 Qb5 27. Qxb5 axb5 28. Ra5 Rb8 29. Rea1 f5 30.
Ra7 Nf6 31. Re7 d4 32. Nd1 Rxc2 33. Raa7 Ne8 34. Rxe6 Rd2 35. Re1 h6))) 21... Ne3)
16... Nf6 17. Rb1 Nc4 18. Nd1) 15... Nf6  0-1

[Event "36th Reykjavik op"]
[Site "Reykjavik ISL"]
[Date "2023.03.30"]
[Round "3.172"]
[White "Helgadottir, Idunn"]
[Black "Abmayr, Annika"]
[WhiteElo "1636"]
[BlackElo "1054"]
[Result "0-1"]
[EventDate "2023.03.29"]
[PlyCount "72"]

1. d4 Nf6 2. Nf3 d5 3. e3 Bg4 4. Be2 g6 5. Nbd2 Bg7 6. O-O Nc6 7. c4 O-O 8. b3 a6
9. Bb2 Re8 10. Rc1 h5 11. Re1 e6 12. Qc2 Nb4 13. Qb1 Bf5 14. Qa1 Nc2 15. Rxc2 Bxc2
16. Qc1 Be4 17. Ne5 Nd7 18. Nxd7 Qxd7 19. h3 e5 20. f3 Bf5 21. cxd5 e4 22. f4 Rac8
23. Qc5 Bf8 24. Qa5 Be7 25. Rc1 Bh4 26. Kh2 g5 27. g3 gxf4 28. gxh4 f3 29. Rg1+ Kh7
30. Bd1 Rg8 31. Nc4 Rxg1 32. Kxg1 Rg8+ 33. Kf2 Rg2+ 34. Ke1 f2+ 35. Ke2 Bxh3 36.
Ne5 Qf5  0-1

[Event "36th Reykjavik op"]
[Site "Reykjavik ISL"]
[Date "2023.03.30"]
[Round "3.179"]
[White "Asgeirsson, Adalsteinn Egill"]
[Black "Girish, Niyathi"]
[WhiteElo "1052"]
[BlackElo "1425"]
[Result "0-1"]
[EventDate "2023.03.29"]
[PlyCount "15"]

1. e4 e5 2. Nf3 Nc6 3. d4 exd4 4. c3 dxc3 5. Bc4 Nf6 6. Ng5 Ne5 7. Qb3 Nxc4 8. Qxc4
(8. Nxf7 Kxf7 9. Qxc4+ d5 10. exd5 Nxd5 11. Nxc3 c6 12. O-O Be7 13. Rd1 Be6 14. a3
Rf8 15. b4 Kg8 16. Bb2 Rf7 17. Qe4 Bf5 18. Qe5 Bd6 19. Qe2 Qh4 20. h3 h5 21. f3 Qg3
22. Kf1 Qh2 23. Qf2 Re8 24. Re1 Bd3+ 25. Ne2 Ne3+ 26. Qxe3 Rxe3 27. Bd4 Bg3 28. Bxe3
Qh1+ 29. Bg1 Rxf3+)  0-1

[Event "36th Reykjavik op"]
[Site "Reykjavik ISL"]
[Date "2023.03.31"]
[Round "4.1"]
[White "Ivanchuk, Vasyl"]
[Black "Ioannidis, Evgenios"]
[WhiteElo "2664"]
[BlackElo "2473"]
[Result "1/2-1/2"]
[EventDate "2023.03.29"]
[PlyCount "49"]

1. c4 Nf6 2. Nc3 e5 3. Nf3 Nc6 4. g3 Bb4 5. Bg2 O-O 6. O-O e4 7. Ng5 Bxc3 8. bxc3
Re8 9. f3 e3 10. d3 d5 11. Qb3 Na5 12. Qa3 c6 13. cxd5 cxd5 14. f4 b6 15. Nf3 Ng4
16. Nd4 h5 17. f5 Re5 18. Rf3 Qe8 19. h3 Nh6 20. f6 g6 21. Bb2 Bd7 22. Raf1 Rd8 23.
Qb4 Kh7 24. Bc1 Rc8 25. Qa3  1/2-1/2